Grandmas at bat / (Record no. 4759)
[ view plain ]
| 000 -LEADER | |
|---|---|
| fixed length control field | 00931nam a22003017a 4500 |
| 001 - CONTROL NUMBER | |
| control field | 4759 |
| 003 - CONTROL NUMBER IDENTIFIER | |
| control field | FISKH |
| 005 - DATE AND TIME OF LATEST TRANSACTION | |
| control field | 20241009095342.0 |
| 008 - FIXED-LENGTH DATA ELEMENTS--GENERAL INFORMATION | |
| fixed length control field | 241009b cb ||||| |||| 00| 0 eng d |
| 020 ## - INTERNATIONAL STANDARD BOOK NUMBER | |
| International Standard Book Number | 9780064441933 |
| 040 ## - CATALOGING SOURCE | |
| Original cataloging agency | FISKH |
| Language of cataloging | eng |
| Transcribing agency | FISKH |
| Modifying agency | FISKH |
| 050 ## - LIBRARY OF CONGRESS CALL NUMBER | |
| Classification number | PZ7.M478415 |
| 082 ## - DEWEY DECIMAL CLASSIFICATION NUMBER | |
| Classification number | 161 |
| 100 ## - MAIN ENTRY--PERSONAL NAME | |
| Personal name | Mccully, Arnold Emily |
| Dates associated with a name | (1939-) |
| 245 ## - TITLE STATEMENT | |
| Title | Grandmas at bat / |
| Statement of responsibility, etc. | By Emily Arnold McCully |
| 250 ## - EDITION STATEMENT | |
| Edition statement | First edition in 1995 |
| 260 ## - PUBLICATION, DISTRIBUTION, ETC. | |
| Place of publication, distribution, etc. | New York : |
| Name of publisher, distributor, etc. | HarperTrophy, |
| Date of publication, distribution, etc. | 1995. |
| 300 ## - PHYSICAL DESCRIPTION | |
| Extent | 64 pages : |
| Other physical details | Color illustrations ; |
| Dimensions | 22 cm |
| 505 ## - FORMATTED CONTENTS NOTE | |
| Formatted contents note | J<br/> |
| 520 ## - SUMMARY, ETC. | |
| Summary, etc. | Pip's two grandmothers, who cannot agree on anything, take over coaching her baseball team and create chaos. |
| 521 8# - TARGET AUDIENCE NOTE | |
| Target audience note | 460L<br/> |
| Source | Lexile<br/> |
| 521 8# - TARGET AUDIENCE NOTE | |
| Target audience note | J<br/> |
| Source | Raz-Plus<br/> |
| 650 ## - SUBJECT ADDED ENTRY--TOPICAL TERM | |
| Source of heading or term | Baseball |
| Topical term or geographic name entry element | Family |
| Form subdivision | Early reader |
| 650 ## - SUBJECT ADDED ENTRY--TOPICAL TERM | |
| Source of heading or term | Grandparents |
| Topical term or geographic name entry element | Children's |
| 700 ## - ADDED ENTRY--PERSONAL NAME | |
| Personal name | Sendak, Maurice |
| Dates associated with a name | Illustrator |
| 942 ## - ADDED ENTRY ELEMENTS (KOHA) | |
| Source of classification or shelving scheme | Dewey Decimal Classification |
| Koha item type | Books |
| Suppress in OPAC | No |
| Withdrawn status | Lost status | Source of classification or shelving scheme | Damaged status | Not for loan | Collection | Home library | Current library | Shelving location | Date acquired | Total Checkouts | Full call number | Barcode | Date last seen | Copy number | Price effective from | Koha item type |
|---|---|---|---|---|---|---|---|---|---|---|---|---|---|---|---|---|
| Dewey Decimal Classification | Fiction | Footprints International School Library Network Toul Kork Campus | Footprints International School Library Network Toul Kork Campus | TK Primary Library Room(4th Floor), Bookcase 1&2, Shelves 1-16, Dark Blue Books | 10/09/2024 | MCC 161 PZ7.M478415 | 2024-2103 | 10/09/2024 | 1 | 10/09/2024 | Books |
